000
00310nam a2200133 a 4500
001
4204
003
CDMR
005
20130116135253.0
008
130130s2004||||||||||||||||||||||||||||d
040
_a
CDMR
_b
cat
_c
CPC GIRONA
245
0
_a
Cilma 2003-2004
_b
Memòria d'activitats
260
_c
2004
_b
Cilma
942
_c
MON
999
_c
4204
_d
4204